| 000 | 00380nam a2200169Ia 4500 | ||
|---|---|---|---|
| 005 | 20250423094907.0 | ||
| 008 | 250422s9999 xx 000 0 und d | ||
| 020 | _a81-224-1164-1 | ||
| 100 | _aSinha Naresh K | ||
| 245 | 0 | _aControl System | |
| 260 | _aNew Delhi | ||
| 260 | _bNew Age International | ||
| 260 | _c2007 | ||
| 300 | _a484 p | ||
| 650 | _aSystems | ||
| 942 | _cBK | ||
| 999 |
_c28615 _d28615 |
||